Southville International School and Colleges
Your cart is empty.
  • Cart
  • Lists
    Public lists Eva Luna New books Lux_list list_1
    Your lists Log in to create your own lists
  • Log in to your account
  • Your cookies
  • Search history
Southville International School and Colleges
  • Advanced search
  • Recent comments
  • Most popular
  • Libraries

Log in to your account

Log in with GOOGLE


If you do not have an external account, but do have a local account, you can still log in:

  1. Home
  2. MARC view: Grammar and writing skills for the health professional
Normal view MARC view ISBD view

Grammar and writing skills for the health professional (Record no. 15210)

[ view plain ]
MARC details
000 -LEADER
fixed length control field 01232cam a2200361 a 4500
001 - CONTROL NUMBER
control field 12116494
003 - CONTROL NUMBER IDENTIFIER
control field OSt
005 - DATE AND TIME OF LATEST TRANSACTION
control field 20140310182705.0
008 - FIXED-LENGTH DATA ELEMENTS--GENERAL INFORMATION
fixed length control field 000722s2001 nyua 001 0 eng
010 ## - LIBRARY OF CONGRESS CONTROL NUMBER
LC control number 00060154
020 ## - INTERNATIONAL STANDARD BOOK NUMBER
International Standard Book Number 0766812596 (pbk.)
040 ## - CATALOGING SOURCE
Original cataloging agency DLC
Transcribing agency DLC
Modifying agency DLC
050 00 - LIBRARY OF CONGRESS CALL NUMBER
Classification number PE 1116
Item number .V736 2001
082 00 - DEWEY DECIMAL CLASSIFICATION NUMBER
Classification number M 808.04202461
-- 21
Item number V71 2001
100 1# - MAIN ENTRY--PERSONAL NAME
Personal name Villemaire, Lorraine.
245 10 - TITLE STATEMENT
Title Grammar and writing skills for the health professional
Statement of responsibility, etc Villemaire, Lorraine
260 ## - PUBLICATION, DISTRIBUTION, ETC. (IMPRINT)
Place of publication, distribution, etc Albany, NY
Name of publisher, distributor, etc Delmar
Date of publication, distribution, etc c2001
300 ## - PHYSICAL DESCRIPTION
Extent ix, 342 p.
Other physical details ill.
Dimensions 28 cm.
500 ## - GENERAL NOTE
General note Includes index.
521 ## - TARGET AUDIENCE NOTE
Target audience note
526 ## - STUDY PROGRAM INFORMATION NOTE
Reading level 1210L-1700L
541 ## - IMMEDIATE SOURCE OF ACQUISITION NOTE
-- 1
541 ## - IMMEDIATE SOURCE OF ACQUISITION NOTE
-- 2
541 ## - IMMEDIATE SOURCE OF ACQUISITION NOTE
-- 3
562 ## - COPY AND VERSION IDENTIFICATION NOTE
Number of copies 3
650 #0 - SUBJECT ADDED ENTRY--TOPICAL TERM
Topical term or geographic name as entry element English language
General subdivision Grammar
Form subdivision Problems, exercises, etc.
650 #0 - SUBJECT ADDED ENTRY--TOPICAL TERM
Topical term or geographic name as entry element English language
General subdivision Rhetoric
Form subdivision Problems, exercises, etc.
650 #0 - SUBJECT ADDED ENTRY--TOPICAL TERM
Topical term or geographic name as entry element Medical writing
Form subdivision Problems, exercises, etc.
700 1# - ADDED ENTRY--PERSONAL NAME
Personal name Villemaire, Doreen.
906 ## - LOCAL DATA ELEMENT F, LDF (RLIN)
a 7
b cbc
c orignew
d 1
e ocip
f 20
g y-gencatlg
942 ## - ADDED ENTRY ELEMENTS (KOHA)
Source of classification or shelving scheme Library of Congress Classification
Koha item type Books
Call number prefix
Holdings
Withdrawn status Lost status Source of classification or shelving scheme Damaged status Home library Current library Shelving location Date acquired Total Checkouts Full call number Barcode Date last seen Copy number Price effective from Koha item type
    Library of Congress Classification   College Library College Library General Circulation Section 04/19/2012   PE 1116 .V736 2001 c6463 05/15/2018 1 04/19/2012 Books
    Library of Congress Classification   College Library College Library General Circulation Section 05/22/2013   PE 1116 .V736 2001 c6150 05/15/2018 2 05/22/2013 Books
    Library of Congress Classification   College Library College Library General Circulation Section 05/22/2013   PE 1116 .V736 2001 c6302 05/15/2018 3 05/22/2013 Books

Grammar and writing skills for the health professional

APA

Villemaire L., Villemaire D., . (2001). Grammar and writing skills for the health professional. Albany, NY: Delmar.

Chicago

Villemaire Lorraine, Villemaire Doreen, . 2001. Grammar and writing skills for the health professional. Albany, NY: Delmar.

Harvard

Villemaire L., Villemaire D., . (2001). Grammar and writing skills for the health professional. Albany, NY: Delmar.

MLA

Villemaire Lorraine, Villemaire Doreen, . Grammar and writing skills for the health professional. Albany, NY: Delmar. 2001.

  • Place hold
  • Print
  • Cite
  • Add to your cart (remove)
  • Save record
    BIBTEX Dublin Core MARCXML MARC (non-Unicode/MARC-8) MARC (Unicode/UTF-8) MARC (Unicode/UTF-8, Standard) MODS (XML) RIS
  • More searches
    Search for this title in:
    Other Libraries (WorldCat) Other Databases (Google Scholar) Online Stores (Bookfinder.com) Open Library (openlibrary.org)

Exporting to Dublin Core...

SOUTHVILLE LIBRARY

Southville International School and Colleges Library

1281 Tropical Ave. Cor. Luxembourg St., BF Homes International, Las Pinas City

Tel. No. 8256374 / 252358 Loc. 117/146

Powered by Koha